Scrabble Words With No Vowels - Statistics

General Stats
  • This quiz has been taken 197 times
  • The average score is 4 of 12
Answer Stats
Answer % Correct
sh, shh
70%
hm, hmm
65%
mm
61%
zzz
45%
brr, brrr
42%
cwm, cwms
35%
pst, psst
33%
tsk, tsks, tsktsk, tsktsks
25%
nth
23%
pfft
16%
crwth, crwths
15%
pht, phpht
14%
No matching quizzes found
Score Distribution
Percent of People with Each Score
Percentile by Number Answered
Your Score History
You have not taken this quiz